| 000 | 00447nam a22001577a 4500 | ||
|---|---|---|---|
| 005 | 20251108165504.0 | ||
| 008 | 250721s1986 xx 000 0 ara d | ||
| 082 | 1 | 4 | _aم/216.2406/بيت |
| 245 | 1 | 0 | _aالتقرير السنوي (1986) / |
| 264 | 1 |
_aالكويت : _bبيت الزكاه، _c1986. |
|
| 650 | 1 | 7 | _aالزكاه |
| 650 | 1 | 7 | _aالجمعيات |
| 710 | 2 | _aبيت الزكاه (الكويت) | |
| 942 |
_2ddc _cREF |
||
| 999 |
_c29113 _d29113 |
||